Tribhuvan University Central Library

अस्मिताः उपन्यास / (Record no. 114369)

MARC details
000 -LEADER
fixed length control field 00634nam a22001817a 4500
008 - FIXED-LENGTH DATA ELEMENTS--GENERAL INFORMATION
fixed length control field 240613b |||||||| |||| 00| 0 eng d
020 ## - INTERNATIONAL STANDARD BOOK NUMBER
International Standard Book Number 9789937943628
041 ## - LANGUAGE CODE
Language code of text/sound track or separate title Nep.
082 ## - DEWEY DECIMAL CLASSIFICATION NUMBER
Classification number N895.513/D127a
100 ## - MAIN ENTRY--PERSONAL NAME
Personal name Dahal, K R
241 ## - ROMANIZED TITLE (BK AM CF MP MU VM)
Romanized title Asmita
245 ## - TITLE STATEMENT
Title अस्मिताः उपन्यास /
Statement of responsibility, etc. के. आर. दाहाल.
260 ## - PUBLICATION, DISTRIBUTION, ETC.
Place of publication, distribution, etc. डिल्लीबजारः
Name of publisher, distributor, etc. रत्नसागर प्रकाशन,
Date of publication, distribution, etc. २०७७वि.
300 ## - PHYSICAL DESCRIPTION
Extent ३५२पृ.
650 ## - SUBJECT ADDED ENTRY--TOPICAL TERM
Topical term or geographic name entry element नेपाली साहित्य
650 ## - SUBJECT ADDED ENTRY--TOPICAL TERM
Topical term or geographic name entry element नेपाली उपन्यास
942 ## - ADDED ENTRY ELEMENTS (KOHA)
Source of classification or shelving scheme Dewey Decimal Classification
Koha item type ISBN
Holdings
Withdrawn status Lost status Source of classification or shelving scheme Damaged status Not for loan Home library Current library Date acquired Total Checkouts Full call number Barcode Date last seen Price effective from Koha item type
    Dewey Decimal Classification     Tribhuvan University Central Library Tribhuvan University Central Library 06/13/2024   N895.513/D127a IS26117 06/13/2024 06/13/2024 ISBN